Absolventská prax

Kto sa považuje za znevýhodneného uchádzača o zamestnanie. Vykonávanie absolventskej praxe a príspevok. Obsahové náležitosti dohôd s úradom práce. Príspevok na podporu vytvorenia pracovného miesta. Mesačná výška príspevku. Dohoda o poskytnutí príspevku medzi úradom práce a zamestnávateľom.

Salvato in:
Dettagli Bibliografici
Autore principale: Jaško, Jozef
Natura: Capitolo di libro
Lingua:slovacco
Soggetti:
Tags: Aggiungi Tag
Nessun Tag, puoi essere il primo ad aggiungerne!!

MARC

LEADER 00000naa a2200000 4500
001 0238603
005 20180109112256.9
041 0 |a slo 
044 |a SK 
245 1 0 |a Absolventská prax  |c Jozef Jaško 
520 |a Kto sa považuje za znevýhodneného uchádzača o zamestnanie. Vykonávanie absolventskej praxe a príspevok. Obsahové náležitosti dohôd s úradom práce. Príspevok na podporu vytvorenia pracovného miesta. Mesačná výška príspevku. Dohoda o poskytnutí príspevku medzi úradom práce a zamestnávateľom. 
610 2 0 |a prax absolventská 
610 2 0 |a práca 
610 2 0 |a absolventi 
610 2 0 |a úrady práce 
610 2 0 |a zamestnávatelia 
610 2 0 |a miesta pracovné 
610 2 0 |a príspevky štátne 
610 2 0 |a legislatíva 
100 1 |a Jaško, Jozef